000 00686nam a22001937a 4500
003 OSt
005 20251119172756.0
008 251119b |||||||| |||| 00| 0 eng d
020 _a13 : 978-1-57215-158-1.
040 _aDWCL-Main lib
_cOC
082 _aCirc. 663 W241u 2007
100 _aStuart Walton
245 _aThe ultimate book of cocktail :
_bhow to create over 600 fantastic drinks using spirits, liqueurs, wine, beer and mixers
_cStuart Walton
260 _aEast Bridgewater, Ma. :
_bWorld Publications Group, Inc.,
_cc2007.
300 _a256 pages :
_bcolored illustration ;
_c31 cm.
504 _aIncludes index.
650 _21. Beverages.
942 _2ddc
_cBK-CIRC
_kCirc.
_n0
999 _c5834
_d5834